Bill Clinton an American journey

Saved in:
Bibliographic Details
Main Author: HAMILTON, Nigel
Format: Book
Language:English
Published: : Random House 2003
Tags: Add Tag
No Tags, Be the first to tag this record!

MARC

LEADER 00000nam a2200000 4500
008 201208b ||||| |||| 00| 0 eng d
022 |a ISBN: 0-375-50610-1 
100 |a HAMILTON, Nigel. 
245 |a Bill Clinton  |b an American journey  |c Nigel Hamilton 
260 |b : Random House  |c 2003  |d BOOK  |h New York  |i 680800  |l E886 .H18   |m Clinton, Bill, 1946  |m Clinton, Bill 1946 – Childhood and youth  |m Presidents – United States – Biography  |m Governors – Arkansas – Biography  |m Interviews – United States 
942 |a lcc  |c BK  |e Olagoke,M A  |f 8/12/2020 
952 |0 0  |1 0  |2 lcc  |4 0  |6 E0886 H18  |7 0  |9 178  |a HOL  |b HOL  |d 2020-12-08  |l 0  |o E886 .H18  |r 2020-12-08 00:00:00  |w 2020-12-08  |y BK 
999 |c 60  |d 60